000 00552nam a2200193Ia 4500
003 GCL
008 140319s9999 xx 000 0 ara d
040 _aGCL /
_cGCL
082 0 4 _aط
_b372.52
_bم ت
100 1 _aمحمود القاضى
245 1 0 _aالنبات /
_cمحمود القاضى
700 1 _aرفيق يونس
260 _a[S.N] :
_bمركز الكتاب للنشر
490 _aتعليم الرسم المبسط
_v0
650 0 4 _aالرسم
650 0 4 _aالتربية الفنية
650 0 4 _aاطفال
942 _2ddc
_cBK
999 _c56264
_d56264